000 01477nam a22002897a 4500
016 _a920 ALW
020 _a9789552132735
041 _h1
082 _a920
_bALW
100 _aඅල්විස්, දයා ද
245 _aමේ අපේ ගුහාවයි
260 _bකොළඹ 11
_aගුණසේන
_c2025
300 _a226 p
_c21 cm
365 _b900.00
650 _aචරිතාපදානය
650 _aBiography
650 _aවංශාවලි
650 _aGenealogy
942 _cLN
_n0
999 _c18704
_d18704